50 cantantes pop femeninas por país - Estadísticas

Estadísticas generales
  • Esta prueba ha sido intentada 35 veces
  • La puntuación promedio es 34 de 50
Estadísticas de respuestas
Imagen Hint Respuesta % Correcto
Madonna Estados Unidos
100%
Céline Dion Canadá
97%
Shakira Colombia
97%
Emilia Argentina
94%
BoA Corea del Sur
94%
Rosalía España
94%
Hikaru Utada Japón
94%
Charli XCX Reino Unido
94%
Faye Wong China
91%
Anitta Brasil
88%
Mylène Farmer Francia
84%
Laura Pausini Italia
84%
Thalía México
84%
Camila Cabello Cuba
81%
Aurora Noruega
81%
Manal Marruecos
78%
Nyusha Rusia
78%
Natalia Oreiro Uruguay
78%
Kylie Minogue Australia
72%
Björk Islandia
72%
Tyla Sudáfrica
72%
Kim Petras Alemania
69%
Angèle Bélgica
69%
Cami Chile
69%
Robyn Suecia
69%
ILIRA Suiza
69%
Sophia Laforteza (Katseye) Filipinas
66%
Netta Israel
66%
Lorde Nueva Zelanda
66%
Dinamarca
63%
Amal Maher Egipto
63%
Tiara Andini Indonesia
63%
Lisa Tailandia
63%
Amber Países Bajos
59%
Doda Polonia
59%
A-Mei Taiwán
59%
Rihanna Barbados
56%
Inna Rumania
56%
Jamala Ucrania
56%
Adéla Eslovaquia
50%
Marina Satti Grecia
50%
Elvana Gjata Albania
47%
Elyanna (PAÍS PARCIALMENTE RECONOCIDO) Palestina
47%
Sezen Aksu Turquía
47%
Thu Minh Vietnam
47%
Daneliya Kazajistán
44%
Nancy Ajram Líbano
44%
Siti Nurhaliza Malasia
44%
Ayra Starr Nigeria
44%
Rita Ora Kosovo
41%
No se encontraron pruebas coincidentes
Distribución de puntuación
Porcentaje de gente con cada puntuación
Porcentaje por número respondido
Historial de tus puntuaciones
No has intentado esta prueba.